000
00309nam a22001457a 4500
008
221012b ||||| |||| 00| 0 eng d
020
_a
9780324380675
041
_a
eng
080
_2
1OE
_a
7
082
_a
7
100
_a
21.2
101
_a
ART
245
_a
FINANCIAL ACCOUNTING
_c
WARREN
942
_2
udc
_c
BK
999
_c
58521
_d
58521